000 00437nam a2200181Ia 4500
001 16836
005 20260306170340.0
008 260306t1996||||xx |||||||||||||| ||und||
041 _aESP
082 _a657.042
_bP99
100 _aPyle, William W.
_eAUT
245 0 _aPrincipios fundamentales de contabilidad
260 _c1996
300 _a1117 páginas :
_c24 cm.
650 _aGEN
654 _aCCO
942 _cLIB
_dJUS
_fJUS
_2ddc
_n
999 _c16836
_d16836